00464nam a2200181 4500003001100000005001700011008004100028022001500069040003900084041000800123082001300131100001800144245002500162250001600187260004900203300000900252650002100261LK-CoMWRAF20230901030943.0230831b1998 |||||||| |||| 00| 0 eng d a0894107828 aLK-CoMWRAFdLK-CoMWRAFeLK-CoMWRAF aeng a823bZON aZong-pu, Feng aThe Everlasting rock a1st Edition aLondon : bLynne Rienner Publishers, c1998. a181p aRomantic Fictora